|
|
|
|
| LEADER |
01886cas a2200253 a 4500 |
| 001 |
AALejournalIMF004331 |
| 008 |
230101c9999 xx r poo 0 0eng d |
| 020 |
|
|
|c 5.00 USD
|
| 020 |
|
|
|z 9781451944129
|
| 022 |
|
|
|a 0047-083X
|
| 040 |
|
|
|a BD-DhAAL
|c BD-DhAAL
|
| 110 |
2 |
|
|a International Monetary Fund.
|b External Relations Dept.
|
| 240 |
1 |
0 |
|a Boletin del FMI Vol.35, No.13 julio 2006.
|l Spanish
|
| 245 |
1 |
0 |
|a Boletin del FMI Vol.35, No.13 julio 2006.
|
| 264 |
|
1 |
|a Washington, D.C. :
|b International Monetary Fund,
|c 2006.
|
| 300 |
|
|
|a 1 online resource (16 pages)
|
| 490 |
1 |
|
|a IMF Survey
|
| 500 |
|
|
|a <strong>Off-Campus Access:</strong> No User ID or Password Required
|
| 500 |
|
|
|a <strong>On-Campus Access:</strong> No User ID or Password Required
|
| 506 |
|
|
|a Electronic access restricted to authorized BRAC University faculty, staff and students
|
| 520 |
3 |
|
|a El Boletin del FMI aborda de manera especifica el trabajo del FMI y los grandes temas macroeconomicos y financieros internacionales y ofrece analisis sobre la evolucion en los distintos paises y regiones y en el mundo; informacion sobre las operaciones, politicas, reformas y asistencia tecnica del FMI; sintesis de las principales investigaciones economicas mundiales; datos fundamentales que no suelen estar disponibles en otras fuentes, e informes sobre debates economicos y financieros que tienen lugar dentro y fuera del FMI. Este boletin de 16 paginas, publicado 12 veces al ano, esta orientado a una vasta audiencia, que incluye autoridades de politica economica, analistas, profesionales del mundo academico y de los medios de difusion y estudiantes. Disponible en ingles, espanol y frances.
|
| 538 |
|
|
|a Mode of access: Internet
|
| 830 |
|
0 |
|a IMF Survey; IMF Survey ;
|v No. 0035/013
|
| 856 |
4 |
0 |
|z Full text available on IMF
|u http://elibrary.imf.org/view/journals/023/0035/013/023.0035.issue-013-es.xml
|z IMF e-Library
|